Fall Out Boy - Infinity On High Songs - Statistics

General Stats
  • This quiz has been taken 87 times
  • The average score is 12 of 16
Answer Stats
Spotify Listens Song % Correct
774,662,707 Thnks Fr Th Mmrs
97%
30,862,457 Thriller
87%
19,472,678 Golden
84%
278,783,444 This Ain't A Scene, It's An Arms Race
84%
31,841,219 Bang The Doldrums
80%
92,285,646 "The Take Over, The Breaks Over"
79%
44,588,805 Hum Hallelujah
72%
25,940,481 The Carpal Tunnel Of Love
72%
55,991,078 I'm Like A Lawyer With The Way I'm Always Trying To Get You Off (Me And You)
69%
19,937,242 G.I.N.A.S.F.S
67%
16,706,548 I've Got All This Ringing In My Ears And None On My Fingers
67%
16,006,031 The (After) Life Of The Party
67%
20,860,022 Fame < Infamy
66%
15,607,915 You're Crashing, But You're No Wave
66%
23,378,299 Don't You Know Who I Think I Am?
64%
14,168,366 It's Hard To Say "I Do", When I Don't
56%
No matching quizzes found
Score Distribution
Percent of People with Each Score
Percentile by Number Answered
Your Score History
You have not taken this quiz